| 000 | 00923nam0a2200301 4500 | ||
|---|---|---|---|
| 001 | RU\NLR\BIBL_A\022672713 | ||
| 005 | 20260420060542.0 | ||
| 010 |
_a978-5-9527-0584-5 _9100 |
||
| 021 |
_aRU _bКН-П-25-062584 _9КН-П-25-6048 |
||
| 035 | _a(NLR Aleph) 022672713 | ||
| 090 |
_a13686281 _c13686281 |
||
| 100 | _a20251126d2025 u y0rusy50 ca | ||
| 101 | 0 | _arus | |
| 102 | _aRU | ||
| 105 | _ay z 000ay | ||
| 181 | 0 |
_ai4 _baxxe |
|
| 182 | 0 | _an | |
| 200 | 1 |
_aПлен и родина. Зов крови _fОльга Равлюк |
|
| 203 |
_aТекст _bвизуальный _cнепосредственный |
||
| 210 |
_aЯрославль _cАверс Плюс _d2025 |
||
| 215 |
_a179 с. _d16 |
||
| 686 | 2 | _aШ6(2=Р)8-440.4 | |
| 700 | 1 |
_aРавлюк _bО. Ю. _gОльга Юрьевна |
|
| 942 | _cBOOK | ||
| 980 | _aNB | ||